Σχετικότης : η ειδική και η γενική θεωρία

Αποθηκεύτηκε σε:
Λεπτομέρειες βιβλιογραφικής εγγραφής
Κύριος συγγραφέας: Einstein, Albert, 1879-1955
Άλλοι συγγραφείς: Βουδούρης, Γιώργος (Μεταφραστής)
Μορφή: Βιβλίο
Γλώσσα:Greek
Δημοσίευση: Αθήναι : [Ραδιοτεχνική Σχολή Αθηνών], 1950.
Έκδοση:2η έκδ.
Θέματα:
Ετικέτες: Προσθήκη ετικέτας
Δεν υπάρχουν, Καταχωρήστε ετικέτα πρώτοι!

MARC

LEADER 00000cam a2200000 i 4500
001 1/97440
008 081118s1950 gr | ||| |||| ||gre||
035 |l 10101713 
040 |a GR-MyUA  |b gre  |e AACR2 
041 0 |a gre 
082 0 |a 530.11  |2 (22) 
100 1 |a Einstein, Albert,   |d 1879-1955. 
245 1 0 |a Σχετικότης :   |b η ειδική και η γενική θεωρία /   |c Albert Einstein ; μετάφρασι και εισαγωγή Γ. Βουδούρη ; επίλογος Θεοδ. Κουγιουμτζέλη.  
250 |a 2η έκδ. 
260 |a Αθήναι :   |b [Ραδιοτεχνική Σχολή Αθηνών],   |c 1950.  
300 |a 124 σ. ;   |c 22 εκ.  
500 |a Δευτερη έκδοση συμπληρωμένη με τη νέα θεωρία του Einstein (Αριθ. εγκρίσεως 31)1950 αν. εκπ. συμβ. Υπ. Παιδείας) 
600 1 0 |a Einstein, Albert,   |d 1879-1955. 
650 0 0 |a Relativity (Physics) 
700 1 |a Βουδούρης, Γιώργος,  |e trl 
852 |a INST  |b SAMOS  |c MAG  |e 20081118  |h 530.11 EIN  |p 005300029625  |q 005300029625  |t BK  |y 0 
901 |a BIBL3-2008-3 
909 |a Σ  |b 155354 
970 |a ΡΟΥΣΣΟΥ  |b ΚΩΝΣΤΑΝΤΙΝΑ  |z 2008/11/18